<?xml version="1.0" encoding="UTF-8"?>
<collection xmlns="http://www.loc.gov/MARC21/slim">
 <record>
  <leader>     na                 </leader>
  <controlfield tag="001">INLIS000000000002136</controlfield>
  <controlfield tag="005">20140203114053.0</controlfield>
  <controlfield tag="008">                                        </controlfield>
  <datafield tag="020" ind1=" " ind2=" ">
   <subfield code="a">978-979-756-417-9</subfield>
  </datafield>
  <datafield tag="035" ind1=" " ind2=" ">
   <subfield code="a">##</subfield>
   <subfield code="a">0010-021400000000017</subfield>
  </datafield>
  <datafield tag="040" ind1=" " ind2=" ">
   <subfield code="a">JIPDBWI</subfield>
  </datafield>
  <datafield tag="082" ind1=" " ind2=" ">
   <subfield code="2">[21]</subfield>
   <subfield code="a">627</subfield>
  </datafield>
  <datafield tag="084" ind1=" " ind2=" ">
   <subfield code="a">627 BUN s</subfield>
  </datafield>
  <datafield tag="100" ind1=" " ind2=" ">
   <subfield code="a">Buntarto</subfield>
  </datafield>
  <datafield tag="245" ind1=" " ind2=" ">
   <subfield code="a">Servis dan Reparasi AC</subfield>
   <subfield code="b">mobil dan ruangan</subfield>
  </datafield>
  <datafield tag="250" ind1=" " ind2=" ">
   <subfield code="a">Cetakan Pertama</subfield>
   <subfield code="b">2009</subfield>
  </datafield>
  <datafield tag="260" ind1=" " ind2=" ">
   <subfield code="a">Yogyakarta</subfield>
   <subfield code="b">Graha Ilmu</subfield>
   <subfield code="c">2009</subfield>
  </datafield>
  <datafield tag="300" ind1=" " ind2=" ">
   <subfield code="a">viii, 104 hlm.;</subfield>
   <subfield code="b">ilus;</subfield>
   <subfield code="c">12,5 20,5 cm.</subfield>
  </datafield>
  <datafield tag="500" ind1=" " ind2=" ">
   <subfield code="3">AC (Air Conditioner) baik itu AC mobil maupun AC ruang jumlahnya semakin lama semakin banyak seiring dengan makin tingginya tuntutan konsumen akan kenyamanan di mobil maupun di ruangan. Semakin banyaknya AC sudah pasti diikuti pula dengan semakin banyaknya tenaga yang diperlukan untuk merawat dan memperbaiki AC sehingga pengetahuan dan keterampilan menservis AC sangat penting. Buku-buku yang membahas tentang servis AC masih sangat langkah terlebih yang sesuai dengan perkembangan teknologi AC. Hal ini bisa dipahami karena teknologi AC mengalami kemajuan pesat sesuai dengan tuntutan konsumen. Mengisi langkanya buku tentang AC, buku ini membahas tentang AC yang meliputi teori dan praktik disesuaikan dengan kemajuan teknologi AC sehingga beberapa hal baru disajikan dalam bahasa yang sederhana sehingga mudah mempelajarinya.</subfield>
  </datafield>
  <datafield tag="650" ind1=" " ind2=" ">
   <subfield code="a">Servis AC</subfield>
  </datafield>
  <datafield tag="990" ind1=" " ind2=" ">
   <subfield code="a">4590</subfield>
  </datafield>
 </record>
</collection>
